[Event "Teplice Open 2019"]
[Site "Teplice"]
[Date "2019.06.15"]
[Round "1.29"]
[White "Gavrilescu, David"]
[Black "Gallik, Miroslav"]
[Result "1-0"]
[WhiteElo "2475"]
[BlackElo "2046"]
[Annotator "ChessBase"]
[PlyCount "87"]
[EventDate "2019.06.15"]
[EventType "swiss"]
[EventCountry "CZE"]
[SourceTitle "playchess.com"]
[Source "ChessBase"]
[SourceQuality "1"]
[TimeControl "40/5400+30:1800+30"]

1. e4 {[%emt 0:00:00]} e5 {[%emt 0:00:00]} 2. Bc4 {[%emt 0:00:25]} Nc6 {[%emt 0:00:07]} 3. Nc3 {[%emt 0:00:56]} Nf6 {[%emt 0:02:05]} 4. d3 {[%emt 0:00:39]} Bc5 {[%emt 0:05:09]} 5. f4 {[%emt 0:02:09]} d6 {[%emt 0:05:21]} 6. Nf3 {[%emt 0:00:58]} a6 {[%emt 0:08:17]} 7. f5 {[%emt 0:02:13]} h6 {[%emt 0:02:03]} 8. Qe2 {[%emt 0:03:01]} b5 {[%emt 0:05:20]} 9. Bb3 {[%emt 0:03:41]} Bb7 {[%emt 0:05:26]} 10. Nd5 {[%emt 0:06:13]} Na5 {[%emt 0:08:41]} 11. Nxf6+ {[%emt 0:05:25]} Qxf6 {[%emt 0:00:22]} 12. g4 {[%emt 0:02:47]} Nxb3 {[%emt 0:03:27]} 13. axb3 {[%emt 0:00:36]} O-O-O {[%emt 0:02:31]} 14. c4 {[%emt 0:04:21]} c6 {[%emt 0:04:20]} 15. Be3 {[%emt 0:03:49]} Bxe3 {[%emt 0:06:02]} 16. Qxe3 {[%emt 0:01:49]} Kc7 {[%emt 0:01:03]} 17. b4 {[%emt 0:04:18]} Qe7 {[%emt 0:10:24]} 18. Kf2 {[%emt 0:02:48]} Kb8 {[%emt 0:02:43]} 19. Rhc1 {[%emt 0:06:03]} Rhe8 {[%emt 0:07:55]} 20. cxb5 {[%emt 0:08:24]} cxb5 {[%emt 0:00:25]} 21. Qb6 {[%emt 0:00:15]} Rc8 {[%emt 0:02:19]} 22. Rxc8+ {[%emt 0:03:38]} Rxc8 {[%emt 0:00:02]} 23. Rxa6 {[%emt 0:00:21]} Rc6 {[%emt 0:03:06]} 24. Qa7+ {[%emt 0:00:57]} Kc7 {[%emt 0:00:07]} 25. Rxc6+ {[%emt 0:02:10]} Kxc6 {[%emt 0:00:06]} 26. d4 {[%emt 0:00:11]} Kc7 {[%emt 0:11:14]} 27. d5 {[%emt 0:08:24]} Kc8 {[%emt 0:00:00]} 28. Qb6 {[%emt 0:00:48]} g6 {[%emt 0:00:00]} 29. Qxb5 {[%emt 0:00:51]} gxf5 {[%emt 0:00:04]} 30. gxf5 {[%emt 0:00:07]} Qd8 {[%emt 0:00:51]} 31. Qa5 {[%emt 0:00:56]} Qg8 {[%emt 0:00:59]} 32. b5 {[%emt 0:00:06]} h5 {[%emt 0:00:34]} 33. Qc3+ {[%emt 0:02:02]} Kd7 {[%emt 0:01:22]} 34. Qe3 {[%emt 0:01:45]} Qc8 {[%emt 0:01:30]} 35. Kg3 {[%emt 0:01:46]} Qc4 {[%emt 0:00:35]} 36. Qb6 {[%emt 0:00:16]} Kc8 {[%emt 0:00:29]} 37. Qxd6 {[%emt 0:00:57]} Qxe4 {[%emt 0:00:12]} 38. Qf8+ {[%emt 0:00:08]} Kc7 {[%emt 0:00:11]} 39. Qxf7+ {[%emt 0:00:27]} Kb6 {[%emt 0:00:11]} 40. Qe6+ {[%emt 0:00:30]} Kxb5 {[%emt 0:00:02]} 41. Qxe5 {[%emt 0:30:08]} h4+ {[%emt 0:31:16]} 42. Kf2 {[%emt 0:00:55]} Qxe5 {[%emt 0:00:59]} 43. Nxe5 {[%emt 0:00:01]} Bxd5 {[%emt 0:00:15]} 44. f6 {[%emt 0:00:02]} 1-0

[Event "Teplice Open 2019"]
[Site "Teplice"]
[Date "2019.06.15"]
[Round "1.30"]
[White "Pacl, Vaclav"]
[Black "Loiseau, Quentin"]
[Result "0-1"]
[WhiteElo "2045"]
[BlackElo "2471"]
[Annotator "ChessBase"]
[PlyCount "50"]
[EventDate "2019.06.15"]
[EventType "swiss"]
[EventCountry "CZE"]
[SourceTitle "playchess.com"]
[Source "ChessBase"]
[SourceQuality "1"]
[TimeControl "40/5400+30:1800+30"]

1. Nf3 {[%emt 1:07:20]} d5 {[%emt 0:00:16]} 2. e3 {[%emt 0:00:53]} Nf6 {[%emt 0:00:30]} 3. c4 {[%emt 0:00:10]} c6 {[%emt 0:00:25]} 4. Nc3 {[%emt 0:00:40]} e6 {[%emt 0:00:07]} 5. b3 {[%emt 0:00:27]} Bd6 {[%emt 0:00:18]} 6. Bb2 {[%emt 0:00:15]} O-O {[%emt 0:00:09]} 7. Qc2 {[%emt 0:01:59]} e5 {[%emt 0:00:59]} 8. cxd5 {[%emt 0:00:26]} cxd5 {[%emt 0:00:06]} 9. Nb5 {[%emt 0:00:23]} Nc6 {[%emt 0:00:04]} 10. Nxd6 {[%emt 0:02:47]} Qxd6 {[%emt 0:00:02]} 11. Bb5 {[%emt 0:12:36]} Nb4 {[%emt 0:03:11]} 12. Qc1 {[%emt 0:00:07]} Qb6 {[%emt 0:28:34]} 13. Be2 {[%emt 0:02:57]} Bf5 {[%emt 0:02:15]} 14. O-O {[%emt 0:03:51]} Rac8 {[%emt 0:03:26]} 15. Bc3 {[%emt 0:05:09]} Nc2 {[%emt 0:02:47]} 16. Nh4 {[%emt 0:06:08]} Be4 {[%emt 0:01:55]} 17. f3 {[%emt 0:04:25]} d4 {[%emt 0:05:21]} 18. fxe4 {[%emt 0:03:00]} Nxa1 {[%emt 0:01:33]} 19. Nf5 {[%emt 0:00:25]} dxc3 {[%emt 0:03:57]} 20. Ne7+ {[%emt 0:05:28]} Kh8 {[%emt 0:00:30]} 21. Nxc8 {[%emt 0:00:08]} Rxc8 {[%emt 0:00:52]} 22. Bc4 {[%emt 0:05:36]} cxd2 {[%emt 0:13:11]} 23. Qxd2 {[%emt 0:02:25]} Nxe4 {[%emt 0:01:42]} 24. Qd3 {[%emt 0:05:46]} Nc2 {[%emt 0:00:46]} 25. Qxe4 {[%emt 0:00:44]} Nxe3 {[%emt 0:00:33]} 0-1

[Event "Teplice Open 2019"]
[Site "Teplice"]
[Date "2019.06.15"]
[Round "1.31"]
[White "Vogel, Roven"]
[Black "Tuma, Jan"]
[Result "1-0"]
[WhiteElo "2471"]
[BlackElo "2033"]
[Annotator "ChessBase"]
[PlyCount "51"]
[EventDate "2019.06.15"]
[EventType "swiss"]
[EventCountry "CZE"]
[SourceTitle "playchess.com"]
[Source "ChessBase"]
[SourceQuality "1"]
[TimeControl "40/5400+30:1800+30"]

1. d4 {[%emt 0:00:00]} Nf6 {[%emt 0:01:11]} 2. c4 {[%emt 0:00:00]} e6 {[%emt 0:03:26]} 3. Nf3 {[%emt 0:00:00]} d5 {[%emt 0:01:42]} 4. g3 {[%emt 0:00:01]} Be7 {[%emt 0:01:37]} 5. Bg2 {[%emt 0:00:36]} O-O {[%emt 0:00:37]} 6. O-O {[%emt 0:00:53]} b6 {[%emt 0:01:58]} 7. cxd5 {[%emt 0:04:52]} exd5 {[%emt 0:02:23]} 8. Nc3 {[%emt 0:00:17]} Bb7 {[%emt 0:00:51]} 9. Ne5 {[%emt 0:03:11]} a6 {[%emt 0:14:00]} 10. Qb3 {[%emt 0:02:14]} Ne4 {[%emt 0:13:50]} 11. Rd1 {[%emt 0:03:28]} Qd6 {[%emt 0:12:50]} 12. Bxe4 {[%emt 0:04:39]} dxe4 {[%emt 0:00:46]} 13. Bf4 {[%emt 0:00:12]} Qd8 {[%emt 0:09:38]} 14. Qc2 {[%emt 0:13:33]} Kh8 {[%emt 0:09:58]} 15. d5 {[%emt 0:01:05]} f5 {[%emt 0:02:57]} 16. Nc6 {[%emt 0:03:32]} Bxc6 {[%emt 0:05:24]} 17. dxc6 {[%emt 0:00:08]} Qe8 {[%emt 0:03:36]} 18. Nd5 {[%emt 0:00:17]} Qxc6 {[%emt 0:02:00]} 19. Rac1 {[%emt 0:00:21]} Qxc2 {[%emt 0:04:01]} 20. Rxc2 {[%emt 0:00:02]} Bc5 {[%emt 0:03:01]} 21. b4 {[%emt 0:00:34]} Bd6 {[%emt 0:01:46]} 22. Nxc7 {[%emt 0:00:16]} Bxc7 {[%emt 0:00:19]} 23. Rxc7 {[%emt 0:00:10]} h6 {[%emt 0:01:13]} 24. Be5 {[%emt 0:00:35]} Rg8 {[%emt 0:00:18]} 25. Rd6 {[%emt 0:00:09]} Kh7 {[%emt 0:00:32]} 26. Rxb6 {[%emt 0:00:52]} 1-0

[Event "Teplice Open 2019"]
[Site "Teplice"]
[Date "2019.06.15"]
[Round "1.32"]
[White "Christiansen, Arne"]
[Black "Cernousek, Lukas"]
[Result "1/2-1/2"]
[WhiteElo "2033"]
[BlackElo "2466"]
[Annotator "ChessBase"]
[PlyCount "60"]
[EventDate "2019.06.15"]
[EventType "swiss"]
[EventCountry "CZE"]
[SourceTitle "playchess.com"]
[Source "ChessBase"]
[SourceQuality "1"]
[TimeControl "40/5400+30:1800+30"]

1. d4 {[%emt 0:00:33]} f5 {[%emt 0:01:57]} 2. c4 {[%emt 0:01:06]} Nf6 {[%emt 0:00:43]} 3. Nf3 {[%emt 0:00:44]} g6 {[%emt 0:01:09]} 4. Nc3 {[%emt 0:01:08]} Bg7 {[%emt 0:00:41]} 5. g3 {[%emt 0:01:21]} O-O {[%emt 0:00:42]} 6. Bg2 {[%emt 0:00:42]} d6 {[%emt 0:00:37]} 7. O-O {[%emt 0:00:47]} Qe8 {[%emt 0:00:36]} 8. d5 {[%emt 0:02:06]} Na6 {[%emt 0:03:01]} 9. Be3 {[%emt 0:03:24]} c6 {[%emt 0:03:52]} 10. Qd2 {[%emt 0:04:23]} Ng4 {[%emt 0:01:31]} 11. Bf4 {[%emt 0:02:47]} Nc5 {[%emt 0:34:48]} 12. Rac1 {[%emt 0:12:12]} h6 {[%emt 0:10:45]} 13. h4 {[%emt 0:13:52]} a5 {[%emt 0:07:36]} 14. Rfe1 {[%emt 0:08:22]} Ne4 {[%emt 0:22:08]} 15. Nxe4 {[%emt 0:03:05]} fxe4 {[%emt 0:00:32]} 16. Nh2 {[%emt 0:02:10]} e3 {[%emt 0:01:04]} 17. Bxe3 {[%emt 0:02:26]} Nxe3 {[%emt 0:00:32]} 18. Qxe3 {[%emt 0:00:55]} Bxb2 {[%emt 0:00:32]} 19. Rb1 {[%emt 0:04:49]} Bg7 {[%emt 0:00:31]} 20. c5 {[%emt 0:02:45]} dxc5 {[%emt 0:05:29]} 21. Qxc5 {[%emt 0:00:51]} cxd5 {[%emt 0:12:05]} 22. Bxd5+ {[%emt 0:00:22]} Kh8 {[%emt 0:02:07]} 23. Bxb7 {[%emt 0:00:31]} Bxb7 {[%emt 0:01:18]} 24. Rxb7 {[%emt 0:00:08]} Rc8 {[%emt 0:00:04]} 25. Qe3 {[%emt 0:03:49]} Rc3 {[%emt 0:01:43]} 26. Qe4 {[%emt 0:00:30]} Qf7 {[%emt 0:00:37]} 27. Nf3 {[%emt 0:00:17]} Rc4 {[%emt 0:00:31]} 28. Qe3 {[%emt 0:01:32]} Rc3 {[%emt 0:00:40]} 29. Qe4 {[%emt 0:00:14]} Rc4 {[%emt 0:00:05]} 30. Qe3 {[%emt 0:00:06]} Rc3 {[%emt 0:00:12]} 1/2-1/2

[Event "Teplice Open 2019"]
[Site "Teplice"]
[Date "2019.06.15"]
[Round "1.33"]
[White "Abdumalik, Zhansaya"]
[Black "Olsen, Aage Dalstrup"]
[Result "1-0"]
[WhiteElo "2464"]
[BlackElo "2031"]
[Annotator "ChessBase"]
[PlyCount "83"]
[EventDate "2019.06.15"]
[EventType "swiss"]
[EventCountry "CZE"]
[SourceTitle "playchess.com"]
[Source "ChessBase"]
[SourceQuality "1"]
[TimeControl "40/5400+30:1800+30"]

1. e4 {[%emt 0:00:00]} c5 {[%emt 0:00:00]} 2. Nf3 {[%emt 0:00:00]} d6 {[%emt 0:00:00]} 3. d4 {[%emt 0:00:00]} cxd4 {[%emt 0:00:00]} 4. Nxd4 {[%emt 0:00:00]} Nf6 {[%emt 0:00:05]} 5. Nc3 {[%emt 0:00:00]} g6 {[%emt 0:00:28]} 6. Be3 {[%emt 0:01:12]} Bg7 {[%emt 0:00:11]} 7. f3 {[%emt 0:00:46]} h5 {[%emt 0:00:14]} 8. Qd2 {[%emt 0:02:26]} Bd7 {[%emt 0:00:08]} 9. O-O-O {[%emt 0:03:39]} Nc6 {[%emt 0:00:12]} 10. Kb1 {[%emt 0:00:25]} a6 {[%emt 0:01:04]} 11. h4 {[%emt 0:05:50]} Rc8 {[%emt 0:02:44]} 12. Nxc6 {[%emt 0:06:43]} Bxc6 {[%emt 0:00:12]} 13. Bd4 {[%emt 0:00:29]} Qc7 {[%emt 0:01:37]} 14. Bd3 {[%emt 0:10:48]} b5 {[%emt 0:06:45]} 15. Nd5 {[%emt 0:01:30]} Bxd5 {[%emt 0:01:31]} 16. exd5 {[%emt 0:03:24]} Qb7 {[%emt 0:02:48]} 17. Rhe1 {[%emt 0:12:35]} Kf8 {[%emt 0:13:53]} 18. Bf1 {[%emt 0:03:52]} Rc7 {[%emt 0:06:02]} 19. Qa5 {[%emt 0:03:50]} Ne8 {[%emt 0:02:25]} 20. Bf2 {[%emt 0:05:00]} Bf6 {[%emt 0:04:28]} 21. Re4 {[%emt 0:00:58]} Rc8 {[%emt 0:04:48]} 22. g3 {[%emt 0:03:39]} Be5 {[%emt 0:04:54]} 23. Qd2 {[%emt 0:04:08]} Nf6 {[%emt 0:01:33]} 24. Rb4 {[%emt 0:01:59]} Qc7 {[%emt 0:03:00]} 25. c4 {[%emt 0:00:31]} bxc4 {[%emt 0:03:24]} 26. Qc2 {[%emt 0:07:18]} Nd7 {[%emt 0:07:44]} 27. Rxc4 {[%emt 0:01:03]} Nc5 {[%emt 0:00:36]} 28. b4 {[%emt 0:01:41]} Qb7 {[%emt 0:04:41]} 29. Kc1 {[%emt 0:02:26]} Rb8 {[%emt 0:03:21]} 30. bxc5 {[%emt 0:01:11]} Bb2+ {[%emt 0:02:19]} 31. Kd2 {[%emt 0:00:09]} Qxd5+ {[%emt 0:00:23]} 32. Qd3 {[%emt 0:02:29]} Qe6 {[%emt 0:01:55]} 33. Re1 {[%emt 0:01:30]} Qf6 {[%emt 0:00:50]} 34. c6 {[%emt 0:01:15]} Kg7 {[%emt 0:01:39]} 35. c7 {[%emt 0:00:23]} Rbc8 {[%emt 0:00:19]} 36. Bh3 {[%emt 0:00:18]} e6 {[%emt 0:00:13]} 37. Rb1 {[%emt 0:01:07]} Be5 {[%emt 0:01:40]} 38. Rc6 {[%emt 0:02:00]} d5 {[%emt 0:00:32]} 39. Rb7 {[%emt 0:00:13]} Qe7 {[%emt 0:02:06]} 40. f4 {[%emt 0:01:12]} Bd6 {[%emt 0:02:10]} 41. Bd4+ {[%emt 0:30:46]} f6 {[%emt 0:30:10]} 42. Rbb6 {[%emt 0:01:26]} 1-0

[Event "Teplice Open 2019"]
[Site "Teplice"]
[Date "2019.06.15"]
[Round "1.34"]
[White "Popovic, Martin"]
[Black "Haldorsen, Benjamin"]
[Result "0-1"]
[WhiteElo "2021"]
[BlackElo "2454"]
[Annotator "ChessBase"]
[PlyCount "64"]
[EventDate "2019.06.15"]
[EventType "swiss"]
[EventCountry "CZE"]
[SourceTitle "playchess.com"]
[Source "ChessBase"]
[SourceQuality "1"]
[TimeControl "40/5400+30:1800+30"]

1. e4 {[%emt 0:00:00]} e5 {[%emt 0:00:38]} 2. Nf3 {[%emt 0:00:00]} Nc6 {[%emt 0:00:05]} 3. Bb5 {[%emt 0:00:00]} a6 {[%emt 0:00:21]} 4. Ba4 {[%emt 0:00:00]} Nf6 {[%emt 0:00:14]} 5. O-O {[%emt 0:00:39]} Be7 {[%emt 0:03:20]} 6. c3 {[%emt 0:02:45]} Nxe4 {[%emt 0:04:45]} 7. Re1 {[%emt 0:06:06]} Nc5 {[%emt 0:01:54]} 8. Bxc6 {[%emt 0:02:43]} dxc6 {[%emt 0:02:02]} 9. Nxe5 {[%emt 0:01:11]} Nd3 {[%emt 0:03:06]} 10. Qf3 {[%emt 0:10:26]} Nxe5 {[%emt 0:03:10]} 11. Rxe5 {[%emt 0:00:03]} Be6 {[%emt 0:04:18]} 12. d4 {[%emt 0:01:36]} Qd7 {[%emt 0:04:57]} 13. a4 {[%emt 0:05:42]} O-O-O {[%emt 0:04:44]} 14. b4 {[%emt 0:09:55]} Bxb4 {[%emt 0:04:13]} 15. Ba3 {[%emt 0:02:06]} f6 {[%emt 0:04:29]} 16. Re1 {[%emt 0:05:32]} Bd5 {[%emt 0:02:37]} 17. Qd3 {[%emt 0:05:32]} Rhe8 {[%emt 0:00:33]} 18. Rc1 {[%emt 0:11:43]} Bxa3 {[%emt 0:08:12]} 19. Nxa3 {[%emt 0:00:34]} Qg4 {[%emt 0:00:33]} 20. f3 {[%emt 0:03:55]} Qg6 {[%emt 0:00:39]} 21. Qxg6 {[%emt 0:02:13]} hxg6 {[%emt 0:00:01]} 22. Kf2 {[%emt 0:00:14]} Bb3 {[%emt 0:00:49]} 23. a5 {[%emt 0:02:00]} c5 {[%emt 0:01:38]} 24. Rab1 {[%emt 0:02:57]} Bf7 {[%emt 0:00:27]} 25. Rd1 {[%emt 0:01:11]} cxd4 {[%emt 0:00:55]} 26. Rxd4 {[%emt 0:01:13]} Rxd4 {[%emt 0:00:02]} 27. cxd4 {[%emt 0:00:07]} Rd8 {[%emt 0:00:13]} 28. Nc2 {[%emt 0:03:11]} g5 {[%emt 0:00:37]} 29. Ke3 {[%emt 0:02:53]} Bg6 {[%emt 0:00:04]} 30. Rc1 {[%emt 0:00:09]} Rd5 {[%emt 0:00:06]} 31. Na3 {[%emt 0:00:12]} Rxa5 {[%emt 0:00:36]} 32. Nc4 {[%emt 0:00:04]} Ra2 {[%emt 0:00:08]} 0-1

[Event "Teplice Open 2019"]
[Site "Teplice"]
[Date "2019.06.15"]
[Round "1.35"]
[White "Song, Raymond"]
[Black "Hlavina, Matous"]
[Result "1-0"]
[WhiteElo "2450"]
[BlackElo "2006"]
[Annotator "ChessBase"]
[PlyCount "77"]
[EventDate "2019.06.15"]
[EventType "swiss"]
[EventCountry "CZE"]
[SourceTitle "playchess.com"]
[Source "ChessBase"]
[SourceQuality "1"]
[TimeControl "40/5400+30:1800+30"]

1. e4 {[%emt 0:00:00]} e6 {[%emt 0:00:00]} 2. d4 {[%emt 0:00:00]} d5 {[%emt 0:00:00]} 3. Nc3 {[%emt 0:00:00]} Nf6 {[%emt 0:00:50]} 4. e5 {[%emt 0:00:00]} Nfd7 {[%emt 0:00:05]} 5. Nce2 {[%emt 0:00:10]} c5 {[%emt 0:00:40]} 6. c3 {[%emt 0:00:10]} Nc6 {[%emt 0:01:04]} 7. Nf3 {[%emt 0:00:35]} a6 {[%emt 0:01:30]} 8. Nf4 {[%emt 0:01:26]} b5 {[%emt 0:02:13]} 9. Bd3 {[%emt 0:01:08]} Be7 {[%emt 0:02:25]} 10. Be3 {[%emt 0:07:57]} Qb6 {[%emt 0:02:43]} 11. h4 {[%emt 0:04:25]} h6 {[%emt 0:06:42]} 12. Rh3 {[%emt 0:01:37]} Bb7 {[%emt 0:02:47]} 13. Rg3 {[%emt 0:04:06]} g6 {[%emt 0:05:42]} 14. Nxe6 {[%emt 0:03:59]} Ncxe5 {[%emt 0:12:22]} 15. Nxc5 {[%emt 0:04:31]} Nxf3+ {[%emt 0:04:01]} 16. Qxf3 {[%emt 0:00:06]} Nxc5 {[%emt 0:01:08]} 17. dxc5 {[%emt 0:00:05]} Bxc5 {[%emt 0:06:28]} 18. Bxc5 {[%emt 0:09:35]} Qxc5 {[%emt 0:01:45]} 19. Kf1 {[%emt 0:01:02]} O-O-O {[%emt 0:04:06]} 20. a4 {[%emt 0:00:27]} d4 {[%emt 0:01:38]} 21. Be4 {[%emt 0:02:44]} Qc4+ {[%emt 0:01:28]} 22. Kg1 {[%emt 0:00:19]} Bxe4 {[%emt 0:01:20]} 23. Qxe4 {[%emt 0:00:02]} Qd5 {[%emt 0:02:54]} 24. Qxd5 {[%emt 0:04:17]} Rxd5 {[%emt 0:00:08]} 25. axb5 {[%emt 0:00:03]} Rxb5 {[%emt 0:01:59]} 26. Rxa6 {[%emt 0:00:11]} Rxb2 {[%emt 0:01:40]} 27. Ra8+ {[%emt 0:05:36]} Rb8 {[%emt 0:00:14]} 28. Rxb8+ {[%emt 0:00:01]} Kxb8 {[%emt 0:00:11]} 29. cxd4 {[%emt 0:00:01]} Rd8 {[%emt 0:00:58]} 30. h5 {[%emt 0:00:39]} Rd6 {[%emt 0:03:42]} 31. Rf3 {[%emt 0:00:38]} Rd7 {[%emt 0:01:12]} 32. hxg6 {[%emt 0:00:12]} fxg6 {[%emt 0:00:11]} 33. Rf6 {[%emt 0:00:06]} Rg7 {[%emt 0:02:40]} 34. Kh2 {[%emt 0:00:15]} Kc7 {[%emt 0:00:40]} 35. Kg3 {[%emt 0:00:02]} Kd7 {[%emt 0:00:49]} 36. Kf4 {[%emt 0:00:12]} Rg8 {[%emt 0:00:43]} 37. d5 {[%emt 0:01:01]} Ke7 {[%emt 0:00:43]} 38. Ke5 {[%emt 0:00:05]} Rg7 {[%emt 0:01:08]} 39. Ra6 {[%emt 0:00:01]} 1-0

[Event "Teplice Open 2019"]
[Site "Teplice"]
[Date "2019.06.15"]
[Round "1.36"]
[White "Mindl, Josef"]
[Black "Ankit, R. Rajpara"]
[Result "0-1"]
[WhiteElo "1995"]
[BlackElo "2447"]
[Annotator "NA"]
[PlyCount "68"]
[EventDate "2019.06.15"]
[EventType "swiss"]
[EventCountry "CZE"]
[SourceTitle "playchess.com"]
[Source "ChessBase"]
[SourceQuality "1"]
[TimeControl "40/5400+30:1800+30"]

1. e4 {[%emt 0:00:00]} c6 {[%emt 0:00:00]} 2. d4 {[%emt 0:00:00]} d5 {[%emt 0:00:00]} 3. exd5 {[%emt 0:00:18]} cxd5 {[%emt 0:00:04]} 4. c4 {[%emt 0:00:30]} Nf6 {[%emt 0:00:09]} 5. Nc3 {[%emt 0:00:32]} e6 {[%emt 0:00:09]} 6. Nf3 {[%emt 0:01:33]} Bb4 {[%emt 0:00:40]} 7. Bd3 {[%emt 0:10:17]} dxc4 {[%emt 0:01:02]} 8. Bxc4 {[%emt 0:00:11]} O-O {[%emt 0:00:21]} 9. O-O {[%emt 0:01:39]} b6 {[%emt 0:00:42]} 10. Bg5 {[%emt 0:07:41]} Bb7 {[%emt 0:00:47]} 11. Rc1 {[%emt 0:03:12]} Nbd7 {[%emt 0:06:02]} 12. a3 {[%emt 0:14:32]} Bxc3 {[%emt 0:01:34]} 13. bxc3 {[%emt 0:02:11]} Qc7 {[%emt 0:01:57]} 14. Bd3 {[%emt 0:01:51]} Ng4 {[%emt 0:01:57]} 15. g3 {[%emt 0:05:04]} Qc6 {[%emt 0:02:34]} 16. Be2 {[%emt 0:05:52]} h6 {[%emt 0:04:55]} 17. h3 {[%emt 0:06:03]} Nxf2 {[%emt 0:05:26]} 18. Rxf2 {[%emt 0:00:34]} hxg5 {[%emt 0:00:08]} 19. Kh2 {[%emt 0:05:05]} f6 {[%emt 0:04:36]} 20. Qb3 {[%emt 0:03:30]} Rfe8 {[%emt 0:03:23]} 21. Bb5 {[%emt 0:03:22]} Qd6 {[%emt 0:03:18]} 22. Re1 {[%emt 0:02:53]} Re7 {[%emt 0:01:03]} 23. a4 {[%emt 0:04:22]} Nf8 {[%emt 0:01:24]} 24. Nd2 {[%emt 0:03:37]} Rd8 {[%emt 0:07:56]} 25. Ne4 {[%emt 0:05:25]} Qc7 {[%emt 0:02:33]} 26. Rfe2 {[%emt 0:02:55]} Bd5 {[%emt 0:04:26]} 27. Qb4 {[%emt 0:02:27]} Rf7 {[%emt 0:08:25]} 28. Qb2 {[%emt 0:02:15]} Bc4 {[%emt 0:00:00]} 29. Re3 {[%emt 0:03:05]} Bxb5 {[%emt 0:02:27]} 30. Qxb5 {[%emt 0:00:13]} Rfd7 {[%emt 0:00:50]} 31. Ra1 {[%emt 0:03:11]} Rd5 {[%emt 0:00:27]} 32. Qe2 {[%emt 0:02:47]} e5 {[%emt 0:04:17]} 33. Qa2 {[%emt 0:01:52]} exd4 {[%emt 0:00:57]} 34. cxd4 {[%emt 0:00:00]} Qf7 {[%emt 0:00:54]} 0-1

[Event "Teplice Open 2019"]
[Site "Teplice"]
[Date "2019.06.15"]
[Round "1.37"]
[White "Arenberg, Ariel"]
[Black "Stastny, Petr"]
[Result "1-0"]
[WhiteElo "2434"]
[BlackElo "1991"]
[Annotator "NA"]
[PlyCount "29"]
[EventDate "2019.06.15"]
[EventType "swiss"]
[EventCountry "CZE"]
[SourceTitle "playchess.com"]
[Source "ChessBase"]
[SourceQuality "1"]
[TimeControl "40/5400+30:1800+30"]

1. d4 {[%emt 0:00:00]} d5 {[%emt 0:00:00]} 2. c4 {[%emt 0:00:03]} e6 {[%emt 0:00:30]} 3. Nc3 {[%emt 0:01:22]} c6 {[%emt 0:00:58]} 4. Nf3 {[%emt 0:01:14]} Nd7 {[%emt 0:02:43]} 5. e4 {[%emt 0:14:16]} dxe4 {[%emt 0:00:21]} 6. Nxe4 {[%emt 0:00:06]} Ngf6 {[%emt 0:00:16]} 7. Bd3 {[%emt 0:03:13]} Nxe4 {[%emt 0:02:18]} 8. Bxe4 {[%emt 0:00:27]} Bb4+ {[%emt 0:02:59]} 9. Bd2 {[%emt 0:05:23]} Qa5 {[%emt 0:04:34]} 10. O-O {[%emt 0:04:56]} O-O {[%emt 0:06:49]} 11. Bf4 {[%emt 0:09:13]} Be7 {[%emt 0:07:00]} 12. Re1 {[%emt 0:04:11]} Nf6 {[%emt 0:03:35]} 13. Bc2 {[%emt 0:02:44]} Qh5 {[%emt 0:04:00]} 14. Re5 {[%emt 0:01:39]} Qg4 {[%emt 0:00:29]} 15. Bg3 {[%emt 0:04:29]} 1-0

[Event "Teplice Open 2019"]
[Site "Teplice"]
[Date "2019.06.16"]
[Round "2.1"]
[White "Sprenar, Petr"]
[Black "Berkes, Ferenc"]
[Result "0-1"]
[WhiteElo "2320"]
[BlackElo "2675"]
[Annotator "TA"]
[PlyCount "90"]
[EventDate "2019.06.15"]
[EventType "swiss"]
[EventCountry "CZE"]
[SourceTitle "playchess.com"]
[Source "ChessBase"]
[SourceQuality "1"]

{[%evp 9,90,-4,24,10,31,6,19,37,10,0,0,0,18,-27,-25,-9,-26,-65,-62,-52,-61,-59,-60,-60,-46,-60,-48,-48,-22,-39,-37,-37,-37,-37,-37,-37,-36,-49,-18,-16,-15,-16,-16,-19,-26,-78,-76,-75,-79,-114,-104,-116,-116,-113,-108,-115,-110,-126,-117,-150,-148,-159,-142,-174,-112,-116,-99,-201,-208,-204,-190,-296,-300,-310,-318,-295,-292,-295,-266,-394,-411,-450,-441]} 1. d4 Nf6 2. c4 e6 3. g3 d5 4. Nf3 Bb4+ 5. Bd2 Bd6 (5... Be7 6. Bg2 O-O 7. O-O Nbd7 8. Qc2 c6 9. Bf4 b6 10. cxd5 cxd5 11. Rc1 Ba6 12. Nc3 Nh5 13. Bd2 Nhf6 14. Bf4 Nh5 15. Be5 Nhf6 16. e3 h6 17. Qd1 Nxe5 18. Nxe5 Bd6 {1-0 (54) Ding,L (2805)-Topalov,V (2740) Abidjan 2019}) 6. Nc3 {E01: Catalan: Early deviations} Nbd7 7. Qc2 dxc4 8. e4 {[#] And now e5 would win.The position is equal.} c5 $146 ({Predecessor:} 8... e5 9. dxe5 Nxe5 10. Nxe5 Bxe5 11. O-O-O O-O 12. f4 Bd4 {1-0 (29) Rozum,I (2559)-Predke,A (2518) Khanty-Mansiysk 2015}) 9. Bxc4 cxd4 10. Nb5 Ne5 (10... Qb6 {looks sharper.} 11. O-O-O Bc5 12. Bf4 O-O 13. Nc7 Rb8) 11. Nxd6+ (11. Nxe5 {with more complications.} Bxe5 12. f4 Bb8 13. e5 Ng4 14. Qe4) 11... Qxd6 12. Nxe5 Qxe5 13. O-O Bd7 ({Don't play} 13... Nxe4 $6 14. Rae1 $14) 14. f3 O-O 15. Qd3 Qd6 16. f4 Qb6 17. a4 {[%cal Ba2a4,Ba4a5][%mdl 32]} Rac8 {Hoping for ...Nxe4!} 18. b3 e5 19. a5 Qd6 20. fxe5 Qxe5 21. Bf4 Qxe4 22. Qxe4 Nxe4 23. Rad1 Be6 (23... a6 {feels hotter.} 24. Rxd4 Bc6 25. Bc1 Rc7 26. Rfd1 h6) 24. Bxe6 fxe6 25. Rxd4 Nf6 $36 {[%mdl 2048] Black is more active.} 26. Rd6 Rfe8 27. Re1 (27. Be5 $11) 27... Kf7 $17 28. Be3 a6 29. b4 Rcd8 30. Red1 Rxd6 31. Rxd6 {[%mdl 4096] Endgame KRB-KRN} Re7 32. Rd8 Rd7 33. Rb8 e5 34. Rc8 Ke6 35. Kf1 Kf5 36. h3 h5 (36... Nd5 $19 37. Bd2 Ke4) 37. Ke2 g5 38. Rc4 (38. Bd2 $17 {was worth a try.}) 38... g4 $19 39. hxg4+ hxg4 ({Much less strong is} 39... Nxg4 40. Rc8 $17) 40. Rc8 {[#]} (40. Bf2 $142) 40... Ne4 $1 41. Rf8+ Ke6 42. Re8+ Re7 43. Rg8 Nxg3+ 44. Kd3 (44. Kf2 $142 Ne4+ 45. Kg2) 44... Rd7+ 45. Kc4 Nf5 {Accuracy: White = 44%, Black = 78%.} 0-1